Satellite technology : (Record no. 175632)
[ view plain ]
| 000 -LEADER | |
|---|---|
| fixed length control field | 01057 a2200241 4500 |
| 003 - CONTROL NUMBER IDENTIFIER | |
| control field | Nust |
| 005 - DATE AND TIME OF LATEST TRANSACTION | |
| control field | 20220803161100.0 |
| 010 ## - LIBRARY OF CONGRESS CONTROL NUMBER | |
| LC control number | 97014869 |
| 020 ## - INTERNATIONAL STANDARD BOOK NUMBER | |
| International Standard Book Number | 0240802950 (pbk. : alk. paper) |
| 040 ## - CATALOGING SOURCE | |
| Transcribing agency | Nust |
| 082 00 - DEWEY DECIMAL CLASSIFICATION NUMBER | |
| Classification number | 621.38,ING |
| 100 1# - MAIN ENTRY--PERSONAL NAME | |
| Personal name | Inglis, Andrew F. |
| 9 (RLIN) | 96470 |
| 245 10 - TITLE STATEMENT | |
| Title | Satellite technology : |
| Remainder of title | an introduction / |
| Statement of responsibility, etc. | A.F. Inglis and A.C. Luther. |
| 250 ## - EDITION STATEMENT | |
| Edition statement | 2nd ed. |
| 260 ## - PUBLICATION, DISTRIBUTION, ETC. | |
| Place of publication, distribution, etc. | Boston, Mass : |
| Name of publisher, distributor, etc. | Focal Press, |
| Date of publication, distribution, etc. | c1997. |
| 300 ## - PHYSICAL DESCRIPTION | |
| Extent | xiii, 134 p. : |
| Other physical details | ill. ; |
| Dimensions | 24 cm. |
| 505 ## - FORMATTED CONTENTS NOTE | |
| Formatted contents note | Satellite Comm. Sys (Page-1), Satellite In Radio And Tv (Page-19), Earth Stations (Page-47), Station Planning (Page-75), FCC Rules And Procedures (Page-93),.Earth Station Operation And Maintenance (Page-99), Satellite Services And Earth Station Equipment (Page-107). |
| 650 #0 - SUBJECT ADDED ENTRY--TOPICAL TERM | |
| Topical term or geographic name entry element | Telecommunication Engineering. |
| 700 1# - ADDED ENTRY--PERSONAL NAME | |
| Personal name | Luther, Arch C. |
| 9 (RLIN) | 75651 |
| 856 42 - ELECTRONIC LOCATION AND ACCESS | |
| Materials specified | Publisher description |
| Uniform Resource Identifier | <a href="http://www.loc.gov/catdir/description/els032/97014869.html">http://www.loc.gov/catdir/description/els032/97014869.html</a> |
| 856 42 - ELECTRONIC LOCATION AND ACCESS | |
| Materials specified | Table of contents |
| Uniform Resource Identifier | <a href="http://www.loc.gov/catdir/toc/els032/97014869.html">http://www.loc.gov/catdir/toc/els032/97014869.html</a> |
| 942 ## - ADDED ENTRY ELEMENTS (KOHA) | |
| Koha item type | Reference |
| Source of classification or shelving scheme | |
| Withdrawn status | Lost status | Source of classification or shelving scheme | Damaged status | Not for loan | Permanent Location | Current Location | Shelving location | Date acquired | Full call number | Barcode | Date last seen | Price effective from | Koha item type | Public note |
|---|---|---|---|---|---|---|---|---|---|---|---|---|---|---|
| Military College of Signals (MCS) | Military College of Signals (MCS) | Reference | 12/12/2016 | 621.38,ING | MCS25040 | 12/08/2016 | 12/12/2016 | Book | Almirah No.20, Shelf No.6 |
